[Event "BCF-chT2b 0809 (4NCL)"]
[Site "Hinckley Island"]
[Date "2009.01.18"]
[Round "6.7"]
[White "Jackson, Adrian"]
[Black "De Coverly, Roger D"]
[Result "1-0"]
[WhiteElo "2215"]
[BlackElo "2078"]
[PlyCount "121"]
[EventDate "2008.10.04"]
[EventType "team-tourn"]
[EventRounds "7"]
[EventCountry "ENG"]
[SourceTitle "EXT 2010"]
[Source "ChessBase"]
[SourceDate "2010.11.25"]
[SourceVersion "1"]
[SourceVersionDate "2010.11.25"]
[SourceQuality "1"]
[WhiteTeam "Guildford III"]
[BlackTeam "Wessex"]
[WhiteTeamCountry "ENG"]
[BlackTeamCountry "ENG"]

1. e4 e5 2. Nf3 Nc6 3. Bb5 a6 4. Ba4 Nf6 5. 0-0 Be7 6. Re1 b5 7. Bb3 0-0 8. c3 d6 9. d3 Na5 10. Bc2 c5 11. Nbd2 g6 12. Nf1 Nh5 13. Bh6 Re8 14. Qd2 Bf6 15. h3 Bd7 16. g4 Ng7 17. Ne3 Bc6 18. b4 Nb7 19. Nd5 Bxd5 20. exd5 cxb4 21. cxb4 Rc8 22. Re4 Qc7 23. Bb3 Qc3 24. Rd1 Qxd2 25. Bxd2 Bd8 26. a4 f5 27. Ree1 Rf8 28. Kg2 bxa4 29. Bxa4 Rc7 30. g5 Rcf7 31. h4 Bb6 32. Be3 Bxe3 33. Rxe3 Nh5 34. Bc6 e4 35. Ne1 Nd8 36. Kh2 Nxc6 37. dxc6 d5 38. Ra1 d4 39. Re2 Nf4 40. Rb2 exd3 41. Rxa6 Re7 42. Nf3 Re2 43. Raa2 Rfe8 44. b5 Nd5 45. Rd2 R2e4 46. Rab2 Rf4 47. Rxd3 Nb6 48. Rc2 Rc8 49. Rc5 Na4 50. Rd5 Nc3 51. R5xd4 Rxd4 52. Nxd4 Nxb5 53. Nxb5 Rxc6 54. Rd8+ Kg7 55. Rd7+ Kg8 56. Nd4 Ra6 57. Kg3 Ra1 58. Kf4 Re1 59. f3 Re8 60. Nc6 Re1 61. Ne7+ 1-0

[Event "BCF-chT2b 0809 (4NCL)"]
[Site "Hinckley Island"]
[Date "2009.01.17"]
[Round "5.7"]
[White "Williamson, Kevin J"]
[Black "Jackson, Adrian"]
[Result "1/2-1/2"]
[WhiteElo "2020"]
[BlackElo "2215"]
[PlyCount "48"]
[EventDate "2008.10.04"]
[EventType "team-tourn"]
[EventRounds "7"]
[EventCountry "ENG"]
[SourceTitle "EXT 2010"]
[Source "ChessBase"]
[SourceDate "2010.11.25"]
[SourceVersion "1"]
[SourceVersionDate "2010.11.25"]
[SourceQuality "1"]
[WhiteTeam "FCA Solutions"]
[BlackTeam "Guildford III"]
[WhiteTeamCountry "ENG"]
[BlackTeamCountry "ENG"]

1. d4 Nf6 2. Nc3 d5 3. Bf4 e6 4. e3 Be7 5. Nf3 0-0 6. Be2 a6 7. Ne5 c5 8. Qd3 c4 9. Qd2 Bb4 10. Bf3 Nc6 11. h4 Nd7 12. Nxc6 bxc6 13. 0-0-0 Qa5 14. Kb1 Ra7 15. e4 Nb6 16. Qe3 dxe4 17. Bxe4 Nd5 18. Bxd5 cxd5 19. Qg3 Rb7 20. Ka1 f6 21. Rhe1 Qb6 22. Na4 Qc6 23. Nc3 Qb6 24. Na4 Qc6 1/2-1/2

[Event "BCF-chT3 0809 (4NCL)"]
[Site "Hinckley Island"]
[Date "2008.10.18"]
[Round "1.3"]
[White "Cranmer, Stanley"]
[Black "Jackson, Adrian"]
[Result "0-1"]
[WhiteElo "1890"]
[BlackElo "2206"]
[PlyCount "58"]
[EventDate "2008.10.18"]
[EventType "team-swiss"]
[EventRounds "11"]
[EventCountry "ENG"]
[SourceTitle "EXT 2010"]
[Source "ChessBase"]
[SourceDate "2010.11.25"]
[SourceVersion "1"]
[SourceVersionDate "2010.11.25"]
[SourceQuality "1"]
[WhiteTeam "Nottinghamshire II"]
[BlackTeam "Guildford IV"]
[WhiteTeamCountry "ENG"]
[BlackTeamCountry "ENG"]

1. d4 Nf6 2. Nf3 c5 3. e3 e6 4. Bd3 Nc6 5. c3 d5 6. Nbd2 Be7 7. 0-0 0-0 8. dxc5 Bxc5 9. e4 e5 10. b4 Bd6 11. a3 Bg4 12. Re1 Rc8 13. Bb2 Bb8 14. Qe2 Re8 15. Rad1 Qc7 16. g3 d4 17. c4 Qd7 18. Rc1 Ne7 19. Kh1 Ng6 20. Qf1 Bh3 21. Qe2 Nh5 22. Ng1 Ngf4 23. gxf4 Nxf4 24. Qf3 Bg2+ 25. Qxg2 Nxg2 26. Kxg2 Rc6 27. Ne2 Rh6 28. Rh1 Qh3+ 29. Kg1 Qxd3 0-1

[Event "BCF-chT2 0506 (4NCL)"]
[Site "Birmingham"]
[Date "2006.04.30"]
[Round "10.4"]
[White "Lyell, Mark"]
[Black "Jackson, Adrian"]
[Result "1-0"]
[WhiteElo "2235"]
[BlackElo "2226"]
[PlyCount "141"]
[EventDate "2005.10.22"]
[EventType "team"]
[EventRounds "11"]
[EventCountry "ENG"]
[SourceTitle "EXT 2007"]
[Source "ChessBase"]
[SourceDate "2006.11.23"]
[SourceVersion "1"]
[SourceVersionDate "2006.11.23"]
[SourceQuality "1"]
[WhiteTeam "Micro Mark NWE II"]
[BlackTeam "Guildford III"]
[WhiteTeamCountry "ENG"]
[BlackTeamCountry "ENG"]

1. e4 c5 2. c3 d6 3. d4 Nf6 4. Bd3 Nc6 5. Ne2 e5 6. d5 Nb8 7. 0-0 g6 8. a4 Bg7 9. Na3 0-0 10. Qc2 b6 11. Bg5 h6 12. Bd2 Kh7 13. a5 bxa5 14. Ng3 Ba6 15. Bxa6 Nxa6 16. Nc4 Nc7 17. Nxa5 Qd7 18. Nc4 Nb5 19. Ra6 Rab8 20. Qa4 Rfd8 21. Ra1 Ne8 22. Bc1 Nec7 23. Ra5 a6 24. Qc2 Rf8 25. Na3 Rb7 26. Nxb5 axb5 27. b4 c4 28. f3 Rfb8 29. Be3 h5 30. Qd2 Qe8 31. Nf1 Qd7 32. Qf2 Bh6 33. Qh4 Qd8 34. Qxd8 Rxd8 35. Ra7 Rdb8 36. Kf2 f5 37. Bxh6 Kxh6 38. Ne3 fxe4 39. fxe4 Ne8 40. Nf1 Nf6 41. Nd2 Kg5 42. Rxb7 Rxb7 43. Ke2 h4 44. Ra6 Kf4 45. g3+ hxg3 46. hxg3+ Kxg3 47. Rxd6 Rf7 48. Rb6 Kf4 49. Rxb5 Nxe4 50. Nxe4 Kxe4 51. Rc5 Rh7 52. Rxc4+ Kxd5 53. Rg4 Rc7 54. Kd2 Rc6 55. Kc2 Rf6 56. c4+ Kc6 57. Kd3 Rd6+ 58. Ke3 Kb7 59. c5 Rd1 60. Rxg6 Rb1 61. Rb6+ Kc7 62. Kd3 Re1 63. Re6 Kd7 64. Rd6+ Kc7 65. Kd2 Rb1 66. Kc3 Re1 67. b5 Rc1+ 68. Kb4 Rb1+ 69. Kc4 e4 70. Re6 Re1 71. Kd4 1-0

[Event "BCF-chT2 0506 (4NCL)"]
[Site "Birmingham"]
[Date "2006.03.05"]
[Round "8.2"]
[White "Allicock, Rawle Anthony"]
[Black "Jackson, Adrian"]
[Result "1-0"]
[WhiteElo "2302"]
[BlackElo "2226"]
[PlyCount "84"]
[EventDate "2005.10.22"]
[EventType "team"]
[EventRounds "11"]
[EventCountry "ENG"]
[SourceTitle "EXT 2007"]
[Source "ChessBase"]
[SourceDate "2006.11.23"]
[SourceVersion "1"]
[SourceVersionDate "2006.11.23"]
[SourceQuality "1"]
[WhiteTeam "Wessex"]
[BlackTeam "Guildford III"]
[WhiteTeamCountry "ENG"]
[BlackTeamCountry "ENG"]

1. d4 Nf6 2. Nf3 c5 3. d5 e6 4. Nc3 b5 5. dxe6 fxe6 6. Nxb5 d5 7. e3 a6 8. Nc3 Nc6 9. g3 e5 10. Bg2 Bg4 11. h3 Bh5 12. g4 Bf7 13. g5 Ng8 14. e4 d4 15. Nd5 Nge7 16. c4 dxc3 17. Nxc3 Qxd1+ 18. Nxd1 Nd4 19. Nxd4 cxd4 20. b4 Ng6 21. a3 Nh4 22. 0-0 Bd6 23. f4 a5 24. bxa5 Rxa5 25. fxe5 Bxe5 26. Bd2 Ra6 27. Nf2 Nxg2 28. Kxg2 Bd6 29. Nd3 0-0 30. Nb4 Bxb4 31. axb4 Rfa8 32. Ra5 Bg6 33. Re1 Kf7 34. Rd5 Ke6 35. Rxd4 Rd6 36. Rxd6+ Kxd6 37. Bc3 Ra7 38. Kf3 Bh5+ 39. Ke3 Rb7 40. Rf1 Bg6 41. Ra1 Ke7 42. Bd4 h6 1-0

[Event "BCF-chT2 0506 (4NCL)"]
[Site "Birmingham"]
[Date "2006.03.04"]
[Round "7.4"]
[White "Jackson, Adrian"]
[Black "Grant, Jonathan"]
[Result "0-1"]
[WhiteElo "2226"]
[BlackElo "2254"]
[PlyCount "78"]
[EventDate "2005.10.22"]
[EventType "team"]
[EventRounds "11"]
[EventCountry "ENG"]
[SourceTitle "EXT 2007"]
[Source "ChessBase"]
[SourceDate "2006.11.23"]
[SourceVersion "1"]
[SourceVersionDate "2006.11.23"]
[SourceQuality "1"]
[WhiteTeam "Guildford III"]
[BlackTeam "Wood Green III"]
[WhiteTeamCountry "ENG"]
[BlackTeamCountry "ENG"]

1. e4 c6 2. d4 d5 3. Nc3 dxe4 4. Nxe4 Bf5 5. Ng3 Bg6 6. h4 h6 7. Nf3 Nd7 8. h5 Bh7 9. Bd3 Bxd3 10. Qxd3 e6 11. Bd2 Ngf6 12. c4 Be7 13. 0-0-0 b5 14. Kb1 0-0 15. Qe2 bxc4 16. Ne5 c3 17. Bxc3 Nd5 18. Ne4 Qc7 19. Rc1 Rab8 20. Ka1 Rb5 21. Rhe1 Rfb8 22. Rc2 a5 23. g3 a4 24. f4 Nxe5 25. dxe5 Qb6 26. Rb1 Rb3 27. Re1 Bb4 28. axb3 axb3 29. Bxb4 Nxb4 30. Rc4 Nc2+ 31. Rxc2 bxc2 32. Qxc2 Qa5+ 33. Kb1 Qxe1+ 34. Ka2 Qe3 35. Nc3 Qxg3 36. Qd2 Qg1 37. Qd1 Qxd1 38. Nxd1 Rb4 39. Nc3 Rxf4 0-1

[Event "BCF-chT 0506 (4NCL)"]
[Site "Birmingham"]
[Date "2006.01.15"]
[Round "6.8"]
[White "Jackson, Adrian"]
[Black "Grigoryan, Meri"]
[Result "1-0"]
[WhiteElo "2226"]
[BlackElo "2077"]
[PlyCount "87"]
[EventDate "2005.10.22"]
[EventType "team"]
[EventRounds "11"]
[EventCountry "ENG"]
[SourceTitle "EXT 2007"]
[Source "ChessBase"]
[SourceDate "2006.11.23"]
[SourceVersion "1"]
[SourceVersionDate "2006.11.23"]
[SourceQuality "1"]
[WhiteTeam "Guildford II"]
[BlackTeam "BET"]
[WhiteTeamCountry "ENG"]
[BlackTeamCountry "ENG"]

1. e4 e5 2. f4 d5 3. exd5 e4 4. d3 Qxd5 5. Nc3 Bb4 6. Bd2 Bxc3 7. Bxc3 Nf6 8. dxe4 Qxe4+ 9. Qe2 Bf5 10. Bxf6 gxf6 11. 0-0-0 Qxe2 12. Nxe2 h5 13. Ng3 Bd7 14. Bc4 b5 15. Bd5 c6 16. Rhe1+ Kf8 17. Be4 h4 18. Nf5 Rh5 19. Nd6 Bg4 20. Rd2 f5 21. Bd3 Na6 22. h3 Rh6 23. Bf1 Rd8 24. Nxf5 Bxf5 25. Rxd8+ Kg7 26. Bd3 Bxd3 27. Rxd3 Rf6 28. g3 Nc5 29. Rf3 Kh6 30. g4 Kg6 31. Re5 Nd7 32. Rg5+ Kh6 33. Rh5+ Kg7 34. Rd3 Nb6 35. f5 Nd5 36. Rxh4 a5 37. Rf3 Ne7 38. g5 Rxf5 39. Rxf5 Nxf5 40. Rf4 Nd6 41. Rf6 Ne4 42. Rxc6 Nxg5 43. Rc5 Nxh3 44. Rxb5 1-0

[Event "BCF-chT 0506 (4NCL)"]
[Site "Birmingham"]
[Date "2006.01.14"]
[Round "5.8"]
[White "Arakhamia Grant, Ketevan"]
[Black "Jackson, Adrian"]
[Result "1-0"]
[WhiteElo "2426"]
[BlackElo "2226"]
[PlyCount "107"]
[EventDate "2005.10.22"]
[EventType "team"]
[EventRounds "11"]
[EventCountry "ENG"]
[SourceTitle "EXT 2007"]
[Source "ChessBase"]
[SourceDate "2006.11.23"]
[SourceVersion "1"]
[SourceVersionDate "2006.11.23"]
[SourceQuality "1"]
[WhiteTeam "Wood Green"]
[BlackTeam "Guildford II"]
[WhiteTeamCountry "ENG"]
[BlackTeamCountry "ENG"]

1. e4 c5 2. Nf3 d6 3. d4 cxd4 4. Nxd4 Nf6 5. f3 e5 6. Nb3 d5 7. exd5 Nxd5 8. Bb5+ Nc6 9. Qe2 Bd6 10. 0-0 0-0 11. Rd1 Nc7 12. Bxc6 bxc6 13. Nc3 Qe7 14. Ne4 Ba6 15. Qf2 Rfd8 16. Be3 Nd5 17. Nxd6 Nxe3 18. Qxe3 Rxd6 19. Nc5 Bc8 20. f4 f6 21. fxe5 fxe5 22. Rxd6 Qxd6 23. Re1 Bf5 24. Qxe5 Qxe5 25. Rxe5 Bxc2 26. Re6 Rb8 27. b3 Bb1 28. a3 a5 29. Rxc6 Ba2 30. Ra6 Bxb3 31. Rxa5 Bd5 32. Nd3 Be4 33. Nb4 Rd8 34. Re5 Ba8 35. g3 Kf7 36. Ra5 Be4 37. Kf2 Ra8 38. Rxa8 Bxa8 39. Ke3 Ke6 40. Kf4 h6 41. a4 g5+ 42. Kg4 Kf6 43. h4 gxh4 44. gxh4 Kg6 45. Nd3 h5+ 46. Kf4 Kf6 47. a5 Ke6 48. Kg5 Bf3 49. a6 Kd6 50. a7 Kc7 51. Ne5 Be4 52. Kxh5 Kb7 53. Kg5 Kxa7 54. h5 1-0

[Event "BCF-chT2 0304 (4NCL)"]
[Site "West Bromwich"]
[Date "2004.05.22"]
[Round "10.6"]
[White "Jackson, Adrian"]
[Black "Wright, Jason"]
[Result "1/2-1/2"]
[WhiteElo "2217"]
[BlackElo "1520"]
[PlyCount "64"]
[EventDate "2003.11.17"]
[EventType "team"]
[EventRounds "11"]
[EventCountry "ENG"]
[SourceTitle "EXT 2005"]
[Source "ChessBase"]
[SourceDate "2004.11.15"]
[SourceVersion "1"]
[SourceVersionDate "2004.11.15"]
[SourceQuality "1"]
[WhiteTeam "Guildford II"]
[BlackTeam "Numerica 3CS II"]
[WhiteTeamCountry "ENG"]
[BlackTeamCountry "ENG"]

1. e4 c5 2. Nf3 d6 3. d4 cxd4 4. Nxd4 Nf6 5. Nc3 g6 6. Be3 Bg7 7. f3 0-0 8. Qd2 Nc6 9. 0-0-0 Nxd4 10. Bxd4 Be6 11. h4 Qa5 12. Kb1 Rfc8 13. h5 Rxc3 14. Qxc3 Qxa2+ 15. Kc1 Rc8 16. Qe3 Bb3 17. Bd3 Qa4 18. Bc3 Ng4 19. fxg4 Rxc3 20. Kd2 Rxd3+ 21. cxd3 Bxd1 22. Rxd1 Bxb2 23. hxg6 hxg6 24. Ke2 b5 25. Qd2 Bd4 26. Rc1 Bc5 27. Qb2 Bd4 28. Qd2 Bc5 29. Qb2 a5 30. Rb1 Qb4 31. Qa1 Qa4 32. Qb2 Qb4 1/2-1/2

[Event "BCF-chT2 0304 (4NCL)"]
[Site "West Bromwich"]
[Date "2004.05.03"]
[Round "9.4"]
[White "Radovanovic, Jovica"]
[Black "Jackson, Adrian"]
[Result "1/2-1/2"]
[WhiteElo "2189"]
[BlackElo "2217"]
[PlyCount "115"]
[EventDate "2003.11.17"]
[EventType "team"]
[EventRounds "11"]
[EventCountry "ENG"]
[SourceTitle "EXT 2005"]
[Source "ChessBase"]
[SourceDate "2004.11.15"]
[SourceVersion "1"]
[SourceVersionDate "2004.11.15"]
[SourceQuality "1"]
[WhiteTeam "Mindsports"]
[BlackTeam "Guildford II"]
[WhiteTeamCountry "ENG"]
[BlackTeamCountry "ENG"]

1. e4 c5 2. Nf3 d6 3. Bb5+ Bd7 4. Bxd7+ Qxd7 5. c4 Nc6 6. 0-0 g6 7. d4 cxd4 8. Nxd4 Bg7 9. Ne2 Nf6 10. Nbc3 0-0 11. f3 Rfc8 12. Be3 Ne5 13. b3 Qd8 14. Qd2 a6 15. a4 Nc6 16. Rab1 a5 17. Kh1 Nb4 18. Nd4 Nd7 19. Nd5 Nxd5 20. exd5 Nc5 21. Nb5 Qd7 22. Bg5 Re8 23. Rfe1 b6 24. h3 Rac8 25. g4 Be5 26. f4 Bg7 27. f5 gxf5 28. Bh6 Bf6 29. Rg1 Kh8 30. Nd4 fxg4 31. Rbf1 Rg8 32. Rxf6 exf6 33. Qf4 Rg6 34. h4 Qe7 35. Nf5 Qe4+ 36. Qxe4 Nxe4 37. h5 Rgg8 38. Ne7 Rce8 39. Nxg8 Rxg8 40. Be3 f5 41. Bd4+ f6 42. Rf1 Rg5 43. Kg2 Rxh5 44. Bxb6 Rh3 45. Rxf5 Rxb3 46. Bd4 Rd3 47. Bxf6+ Nxf6 48. Rxf6 Rd4 49. Rxd6 Rxc4 50. Ra6 Rxa4 51. Kg3 Kg7 52. Kh4 Kf7 53. Rh6 Ke7 54. Rxh7+ Kd6 55. Rg7 Rd4 56. Ra7 a4 57. Ra5 Kc7 58. Rb5 1/2-1/2

[Event "BCF-chT2 0304 (4NCL)"]
[Site "West Bromwich"]
[Date "2004.05.02"]
[Round "8.6"]
[White "Jackson, Adrian"]
[Black "Arnott, Jonathan"]
[Result "1/2-1/2"]
[WhiteElo "2217"]
[BlackElo "2126"]
[PlyCount "62"]
[EventDate "2003.11.17"]
[EventType "team"]
[EventRounds "11"]
[EventCountry "ENG"]
[SourceTitle "EXT 2005"]
[Source "ChessBase"]
[SourceDate "2004.11.15"]
[SourceVersion "1"]
[SourceVersionDate "2004.11.15"]
[SourceQuality "1"]
[WhiteTeam "Guildford II"]
[BlackTeam "White Rose"]
[WhiteTeamCountry "ENG"]
[BlackTeamCountry "ENG"]

1. e4 e6 2. d4 d5 3. Nc3 Nf6 4. e5 Nfd7 5. Nce2 c5 6. c3 b5 7. f4 Nc6 8. Nf3 Qb6 9. Be3 b4 10. c4 dxc4 11. d5 Ne7 12. dxe6 fxe6 13. Qc2 Nd5 14. Bd2 Be7 15. h4 Ba6 16. Ng5 Bxg5 17. hxg5 g6 18. g3 0-0-0 19. Nc1 c3 20. Bxa6+ Qxa6 21. bxc3 bxc3 22. Bxc3 Qc4 23. Ne2 Nb4 24. Qb1 Nd3+ 25. Kf1 Qe4 26. Rh2 Nb6 27. Qb5 Qf3+ 28. Kg1 Qe3+ 29. Kf1 Qf3+ 30. Kg1 Qe3+ 31. Kf1 Qf3+ 1/2-1/2

[Event "BCF-chT2 0304 (4NCL)"]
[Site "West Bromwich"]
[Date "2003.10.19"]
[Round "2.5"]
[White "Buckley, David"]
[Black "Jackson, Adrian"]
[Result "0-1"]
[WhiteElo "2203"]
[BlackElo "2217"]
[PlyCount "80"]
[EventDate "2003.11.17"]
[EventType "team"]
[EventRounds "11"]
[EventCountry "ENG"]
[SourceTitle "EXT 2005"]
[Source "ChessBase"]
[SourceDate "2004.11.15"]
[SourceVersion "1"]
[SourceVersionDate "2004.11.15"]
[SourceQuality "1"]
[WhiteTeam "Bristol"]
[BlackTeam "Guildford II"]
[WhiteTeamCountry "ENG"]
[BlackTeamCountry "ENG"]

1. e4 c5 2. Nc3 Nc6 3. Bb5 Nd4 4. Bc4 a6 5. Nf3 b5 6. Bb3 Nxf3+ 7. Qxf3 c4 8. e5 Rb8 9. e6 dxe6 10. Bxc4 bxc4 11. Qc6+ Qd7 12. Qxc4 Bb7 13. 0-0 Qc6 14. Qg4 Nf6 15. Qg3 Rd8 16. f3 g6 17. d3 Bg7 18. Bd2 0-0 19. Rab1 Nd5 20. Rfc1 Nxc3 21. Bxc3 Bxc3 22. bxc3 Ba8 23. c4 Qc5+ 24. Kh1 e5 25. Rb3 Rb8 26. Rcb1 Rxb3 27. axb3 f5 28. b4 Qd4 29. b5 e4 30. fxe4 fxe4 31. Qg4 Qf6 32. h3 axb5 33. cxb5 exd3 34. Qc4+ Qf7 35. Qxd3 Qf2 36. Qb3+ Kg7 37. Rg1 Rf3 38. Qe6 Qg3 39. Qc8 Qxh3+ 40. gxh3 Rxh3# 0-1

[Event "BCF-chT2 0203 (4NCL)"]
[Site "West Bromwich"]
[Date "2003.05.04"]
[Round "10.6"]
[White "Jackson, Adrian"]
[Black "Shephard, Christopher"]
[Result "1/2-1/2"]
[WhiteElo "2232"]
[BlackElo "2200"]
[PlyCount "149"]
[EventDate "2002.11.??"]
[EventType "team"]
[EventRounds "11"]
[EventCountry "ENG"]
[SourceTitle "EXT 2004"]
[Source "ChessBase"]
[SourceDate "2003.11.25"]
[SourceVersion "1"]
[SourceVersionDate "2003.11.25"]
[SourceQuality "1"]
[WhiteTeam "Guildford II"]
[BlackTeam "Warwicks Select"]
[WhiteTeamCountry "ENG"]
[BlackTeamCountry "ENG"]

1. e4 g6 2. d4 c6 3. Nc3 d5 4. e5 Bg7 5. f4 h5 6. Nf3 Bg4 7. h3 Bxf3 8. Qxf3 e6 9. Be3 h4 10. 0-0-0 Nd7 11. Bd3 Nh6 12. g4 hxg3 13. Qxg3 Qe7 14. h4 0-0-0 15. Qf3 Nf5 16. Bxf5 gxf5 17. h5 Bh6 18. Rdg1 Qb4 19. a3 Qa5 20. Ne2 Kb8 21. Bd2 Qc7 22. Be1 c5 23. Kb1 Rc8 24. Bh4 cxd4 25. Nxd4 Qc4 26. c3 Nc5 27. Bg5 Ne4 28. Rg2 Bf8 29. Rc2 Qc7 30. Bh4 Qb6 31. Ka2 Bh6 32. Be1 a6 33. Rhh2 Qc7 34. Ka1 Qc4 35. Rhe2 Rhg8 36. Rg2 Rh8 37. Rge2 Ka8 38. Kb1 Rhg8 39. Rg2 Rh8 40. Rge2 Qc7 41. Rg2 Qd8 42. Rg1 Rc4 43. Rcg2 Rc8 44. Ka2 Qc7 45. Ka1 Qc4 46. Ne2 Qa4 47. Nd4 Kb8 48. Ka2 Qc4+ 49. Ka1 Qc7 50. Ka2 Qe7 51. Ne2 Qc5 52. Nd4 Kc7 53. Bd2 Kd7 54. Bc1 Qc4+ 55. Ka1 Kc7 56. Qe2 b5 57. Qxc4+ bxc4 58. Nf3 Kd7 59. Be3 Rb8 60. Ka2 Ke7 61. Nd4 Kd7 62. Nf3 Ke7 63. Nd4 Rhc8 64. Nf3 Rh8 65. Nd4 Rbc8 66. Nf3 Nc5 67. Ne1 Kd7 68. Kb1 Ke7 69. Ka2 Nd7 70. Nf3 Nc5 71. Ne1 Ne4 72. Nf3 Rh7 73. Rg8 Rh8 74. R8g2 Rh7 75. Rg8 1/2-1/2

[Event "BCF-chT2 0203 (4NCL)"]
[Site "West Bromwich"]
[Date "2003.01.19"]
[Round "4.3"]
[White "Thomas, Richard Huw"]
[Black "Jackson, Adrian"]
[Result "1/2-1/2"]
[WhiteElo "2204"]
[BlackElo "2232"]
[PlyCount "62"]
[EventDate "2002.11.??"]
[EventType "team"]
[EventRounds "11"]
[EventCountry "ENG"]
[SourceTitle "EXT 2004"]
[Source "ChessBase"]
[SourceDate "2003.11.25"]
[SourceVersion "1"]
[SourceVersionDate "2003.11.25"]
[SourceQuality "1"]
[WhiteTeam "Kings Head"]
[BlackTeam "Guildford II"]
[WhiteTeamCountry "ENG"]
[BlackTeamCountry "ENG"]

1. d4 Nf6 2. c4 e6 3. g3 c5 4. Nf3 cxd4 5. Nxd4 d5 6. Bg2 e5 7. Nf3 d4 8. 0-0 Nc6 9. e3 Be7 10. exd4 exd4 11. b3 0-0 12. Bb2 Bc5 13. a3 a5 14. Nbd2 h6 15. Re1 Re8 16. Rxe8+ Qxe8 17. Qe1 Bf5 18. Qxe8+ Rxe8 19. Re1 Kf8 20. h3 Re7 21. Rxe7 Kxe7 22. Nh4 Bc2 23. Bxc6 bxc6 24. Nhf3 Ne4 25. Nxe4 Bxe4 26. Nxd4 Bxd4 27. Bxd4 g6 28. f4 Bc2 29. b4 axb4 30. axb4 Bd3 31. c5 h5 1/2-1/2

[Event "BCF-chT2 0203 (4NCL)"]
[Site "West Bromwich"]
[Date "2003.01.18"]
[Round "3.3"]
[White "Jackson, Adrian"]
[Black "Crouch, Colin S"]
[Result "0-1"]
[WhiteElo "2232"]
[BlackElo "2388"]
[PlyCount "94"]
[EventDate "2002.11.??"]
[EventType "team"]
[EventRounds "11"]
[EventCountry "ENG"]
[SourceTitle "EXT 2004"]
[Source "ChessBase"]
[SourceDate "2003.11.25"]
[SourceVersion "1"]
[SourceVersionDate "2003.11.25"]
[SourceQuality "1"]
[WhiteTeam "Guildford II"]
[BlackTeam "NW Eagles"]
[WhiteTeamCountry "ENG"]
[BlackTeamCountry "ENG"]

1. e4 Nf6 2. e5 Nd5 3. d4 d6 4. Nf3 Bg4 5. Be2 c6 6. c4 Nc7 7. exd6 Qxd6 8. Nc3 Bxf3 9. Bxf3 e5 10. dxe5 Qxe5+ 11. Qe2 Nd7 12. 0-0 Qxe2 13. Bxe2 Ne6 14. Be3 Bc5 15. Bxc5 Ndxc5 16. b4 Na6 17. a3 Nd4 18. c5 Nxe2+ 19. Nxe2 0-0-0 20. Rfd1 Nc7 21. Nc3 f5 22. f3 Ne6 23. Kf2 Nf4 24. Rxd8+ Rxd8 25. Rd1 a5 26. Rxd8+ Kxd8 27. Na2 Kd7 28. g3 Nd3+ 29. Ke2 Ne5 30. Nc3 Ke6 31. bxa5 Nc4 32. a6 bxa6 33. a4 Na5 34. Kd3 Nb3 35. Kc4 Nd2+ 36. Kb4 Nxf3 37. Ka5 Kd7 38. Kxa6 Kc7 39. h4 Nd2 40. Ka5 Ne4 41. Kb4 Nxg3 42. Kc4 f4 43. Kd3 Kb7 44. Na2 Nf5 45. Ke4 Nxh4 46. Kxf4 Ng6+ 47. Kg5 Nf8 0-1

[Event "BCF-chT3 0102 (4NCL)"]
[Site "Birmingham"]
[Date "2002.05.06"]
[Round "11.3"]
[White "Jackson, Adrian"]
[Black "Hardman, Michael"]
[Result "1/2-1/2"]
[WhiteElo "2230"]
[BlackElo "1960"]
[PlyCount "54"]
[EventDate "2001.09.??"]
[EventType "team"]
[EventRounds "11"]
[EventCountry "ENG"]
[SourceTitle "EXT 2003"]
[Source "ChessBase"]
[SourceDate "2002.11.25"]
[SourceVersion "1"]
[SourceVersionDate "2002.11.25"]
[SourceQuality "1"]
[WhiteTeam "Guildford II"]
[BlackTeam "All Four Corners"]
[WhiteTeamCountry "ENG"]
[BlackTeamCountry "ENG"]

1. e4 e5 2. Nf3 d6 3. d4 f5 4. exf5 e4 5. Ng5 Bxf5 6. Qe2 d5 7. Qb5+ Nc6 8. Be3 Rb8 9. Nc3 Nf6 10. h4 Be7 11. g3 0-0 12. Bh3 Bxh3 13. Nxh3 Nb4 14. 0-0-0 c6 15. Qe2 b5 16. Nf4 Qc8 17. h5 a5 18. Rhg1 Qg4 19. Kb1 a4 20. Rh1 Qxe2 21. Ncxe2 Kf7 22. a3 Na6 23. c3 Nc7 24. Kc2 Nce8 25. Ng2 Nd6 26. Nef4 Ng4 27. Rdf1 Nc4 1/2-1/2

[Event "BCF-chT3 0102 (4NCL)"]
[Site "Birmingham"]
[Date "2002.05.04"]
[Round "9.3"]
[White "Jackson, Adrian"]
[Black "Reuben, Stewart"]
[Result "1/2-1/2"]
[WhiteElo "2230"]
[BlackElo "2168"]
[PlyCount "32"]
[EventDate "2001.09.??"]
[EventType "team"]
[EventRounds "11"]
[EventCountry "ENG"]
[SourceTitle "EXT 2003"]
[Source "ChessBase"]
[SourceDate "2002.11.25"]
[SourceVersion "1"]
[SourceVersionDate "2002.11.25"]
[SourceQuality "1"]
[WhiteTeam "Guildford II"]
[BlackTeam "Mindsports"]
[WhiteTeamCountry "ENG"]
[BlackTeamCountry "ENG"]

1. e4 c5 2. Nf3 Nc6 3. d4 cxd4 4. Nxd4 g6 5. c4 Bg7 6. Be3 Nh6 7. Be2 d6 8. Qd2 Ng4 9. Bxg4 Bxg4 10. f3 Be6 11. Nxe6 fxe6 12. Nc3 Qa5 13. Rc1 Rc8 14. b3 a6 15. 0-0 0-0 16. Ne2 Qxd2 1/2-1/2

[Event "BCF-chT3 0102 (4NCL)"]
[Site "Birmingham"]
[Date "2002.01.19"]
[Round "5.3"]
[White "Dilleigh, Stephen P"]
[Black "Jackson, Adrian"]
[Result "1/2-1/2"]
[WhiteElo "2191"]
[BlackElo "2230"]
[PlyCount "43"]
[EventDate "2001.09.??"]
[EventType "team"]
[EventRounds "11"]
[EventCountry "ENG"]
[SourceTitle "EXT 2003"]
[Source "ChessBase"]
[SourceDate "2002.11.25"]
[SourceVersion "1"]
[SourceVersionDate "2002.11.25"]
[SourceQuality "1"]
[WhiteTeam "Bristol II"]
[BlackTeam "Guildford II"]
[WhiteTeamCountry "ENG"]
[BlackTeamCountry "ENG"]

1. c4 Nf6 2. g3 e6 3. Bg2 d5 4. Nf3 Be7 5. 0-0 0-0 6. b3 c5 7. Bb2 Nc6 8. e3 b6 9. Nc3 Ba6 10. d3 Rc8 11. Qe2 Qd7 12. Rfd1 Rfd8 13. a3 Qc7 14. Nb5 Qb8 15. e4 dxe4 16. dxe4 e5 17. Bh3 Rxd1+ 18. Rxd1 Rd8 19. Rxd8+ Bxd8 20. Qd3 Nd4 21. a4 Bb7 22. Nd2 1/2-1/2